000 00227nam a2200097 a 4500
005 20200930073924.0
008 111020s1929 000 spa d
245 0 _aQuand le navire...
260 _aParis,
_c1929.
999 _c34306
_d34306
040 _aDO-SdBNP